[Event "78. Campeonato Brasileiro 2011 - Final"]
[Site "Campinas BRA"]
[Date "2011.12.19"]
[Round "10.3"]
[White "Matsuura, Everaldo"]
[Black "Di Berardino, Diego"]
[Result "0-1"]
[WhiteElo "2487"]
[BlackElo "2491"]
[PlyCount "50"]
[EventDate "2011.12.10"]
[EventType "tourn"]
[EventRounds "11"]
[EventCountry "BRA"]
[EventCategory "10"]
[Source "lmi"]
[SourceDate "2011.12.10"]

1. e4 c5 2. Nf3 d6 3. d4 cxd4 4. Nxd4 Nf6 5. Nc3 a6 6. Bc4 e6 7. a3 Nc6 8. Be3
Be7 9. O-O O-O 10. Ba2 Nxd4 11. Bxd4 b5 12. f4 Rb8 13. e5 dxe5 14. fxe5 Nd7 15.
Ne4 Bb7 16. Qg4 Bxe4 17. Qxe4 b4 18. Rf3 bxa3 19. bxa3 Bc5 20. c3 Qg5 21. Raf1
Rb2 22. Rg3 Qd2 23. Bb1 g6 24. Bd3 Qxc3 25. Bxc5 Nxc5 0-1

[Event "78. Campeonato Brasileiro 2011 - Final"]
[Site "Campinas BRA"]
[Date "2011.12.19"]
[Round "10.6"]
[White "Fier, Alexandr"]
[Black "Santiago, Yago"]
[Result "1-0"]
[WhiteElo "2573"]
[BlackElo "2335"]
[PlyCount "39"]
[EventDate "2011.12.10"]
[EventType "tourn"]
[EventRounds "11"]
[EventCountry "BRA"]
[EventCategory "10"]
[Source "lmi"]
[SourceDate "2011.12.10"]

1. c4 e6 2. Nc3 d5 3. e3 Nf6 4. Nf3 c5 5. d4 cxd4 6. exd4 Be7 7. cxd5 Nxd5 8.
Bd3 Nc6 9. O-O O-O 10. Re1 Nxc3 11. bxc3 b6 12. h4 Bb7 13. Bc2 Re8 14. Ng5 Bxg5
15. Bxg5 Qd6 16. Qh5 f5 17. Bxf5 g6 18. Bxg6 hxg6 19. Qxg6+ Kf8 20. Re4 1-0

[Event "78. Campeonato Brasileiro 2011 - Final"]
[Site "Campinas BRA"]
[Date "2011.12.20"]
[Round "11.4"]
[White "Di Berardino, Diego"]
[Black "Barbosa, Evandro"]
[Result "1/2-1/2"]
[WhiteElo "2491"]
[BlackElo "2412"]
[PlyCount "53"]
[EventDate "2011.12.10"]
[EventType "tourn"]
[EventRounds "11"]
[EventCountry "BRA"]
[EventCategory "10"]
[Source "lmi"]
[SourceDate "2011.12.10"]

1. d4 Nf6 2. c4 g6 3. Nc3 d5 4. cxd5 Nxd5 5. Bd2 Bg7 6. e4 Nxc3 7. Bxc3 O-O 8.
Rc1 c5 9. d5 Qd6 10. Bxg7 Kxg7 11. Qd2 e5 12. Qc3 Nd7 13. Bb5 Nf6 14. Bd3 c4
15. Qxc4 Bf5 16. Ne2 Rfc8 17. Qa4 b5 18. Bxb5 Rxc1+ 19. Nxc1 Bxe4 20. O-O Bxd5
21. Rd1 Qb6 22. Re1 Qb7 23. Nd3 Bxg2 24. Ba6 Qc6 25. Bb5 Qb7 26. Ba6 Qc6 27.
Bb5 1/2-1/2

[Event "78. Campeonato Brasileiro 2011 - Final"]
[Site "Campinas BRA"]
[Date "2011.12.20"]
[Round "11.6"]
[White "Vescovi, Giovanni"]
[Black "Dos Santos, Haroldo Cunha"]
[Result "1/2-1/2"]
[WhiteElo "2637"]
[BlackElo "2250"]
[PlyCount "76"]
[EventDate "2011.12.10"]
[EventType "tourn"]
[EventRounds "11"]
[EventCountry "BRA"]
[EventCategory "10"]
[Source "lmi"]
[SourceDate "2011.12.10"]

1. c4 c5 2. Nf3 Nf6 3. Nc3 Nc6 4. g3 d5 5. cxd5 Nxd5 6. Bg2 Nc7 7. O-O e5 8. d3
Be7 9. Nd2 Nd4 10. Nc4 f6 11. a3 O-O 12. Rb1 Rb8 13. e3 Nc6 14. b4 cxb4 15.
axb4 Bxb4 16. Na2 Na6 17. Nxb4 Naxb4 18. Ba3 a5 19. Nxa5 Qxa5 20. Qb3+ Kh8 21.
Bxb4 Nxb4 22. Qxb4 Qxb4 23. Rxb4 Rd8 24. d4 exd4 25. exd4 Kg8 26. Rc1 Kf8 27.
Rc7 b6 28. Bc6 Be6 29. f3 b5 30. Kf2 Bc4 31. Ke3 Rd6 32. d5 Bxd5 33. Rxb5 Re6+
34. Kf2 Rxb5 35. Bxb5 Rb6 36. Bd3 Rb2+ 37. Rc2 Rxc2+ 38. Bxc2 g6 1/2-1/2